[Event "World Chess Olympiad 2018"]
[Site "Batumi"]
[Date "2018.10.04"]
[Round "10"]
[Board "3"]
[WhiteFideId "5702640"]
[White "Fong Yit San"]
[BlackFideId "240990"]
[Black "Dardha Daniel"]
[Result "0-1"]
[LiveChessVersion "1.4.8"]
[BlackElo "2299"]
[WhiteElo "2108"]

1. e4 {[%clk 1:30:57]} c5 {[%clk 1:30:40]} 2. Nf3 {[%clk 1:31:14]} e6
{[%clk 1:31:04]} 3. d4 {[%clk 1:31:11]} cxd4 {[%clk 1:31:26]} 4. Nxd4
{[%clk 1:31:35]} Nc6 {[%clk 1:31:50]} 5. Be3 {[%clk 1:31:13]} Nf6
{[%clk 1:31:33]} 6. Bd3 {[%clk 1:30:33]} Qc7 {[%clk 1:31:31]} 7. O-O
{[%clk 1:29:24]} a6 {[%clk 1:20:34]} 8. Nc3 {[%clk 1:28:10]} b5 {[%clk 1:21:00]}
9. Nxc6 {[%clk 1:28:17]} Qxc6 {[%clk 1:21:26]} 10. a3 {[%clk 1:07:09]} Bb7
{[%clk 1:11:19]} 11. Qe2 {[%clk 1:07:13]} Be7 {[%clk 0:48:44]} 12. f3
{[%clk 1:05:01]} d6 {[%clk 0:47:52]} 13. Kh1 {[%clk 1:02:19]} O-O
{[%clk 0:45:13]} 14. Na2 {[%clk 1:00:13]} Qc7 {[%clk 0:38:05]} 15. Bd4
{[%clk 0:57:23]} e5 {[%clk 0:35:17]} 16. Be3 {[%clk 0:56:43]} d5 {[%clk 0:34:05]}
17. exd5 {[%clk 0:45:37]} Nxd5 {[%clk 0:34:24]} 18. Bd2 {[%clk 0:45:42]} Nf4
{[%clk 0:26:38]} 19. Bxf4 {[%clk 0:44:53]} exf4 {[%clk 0:27:04]} 20. Be4
{[%clk 0:42:04]} Bf6 {[%clk 0:24:52]} 21. c3 {[%clk 0:41:17]} Rfe8
{[%clk 0:23:14]} 22. Qc2 {[%clk 0:37:38]} Bxe4 {[%clk 0:21:26]} 23. fxe4
{[%clk 0:38:02]} Qc4 {[%clk 0:16:42]} 24. Rxf4 {[%clk 0:36:29]} Rad8
{[%clk 0:17:06]} 25. Nb4 {[%clk 0:33:53]} Bg5 {[%clk 0:11:55]} 26. b3
{[%clk 0:27:25]} Qe6 {[%clk 0:09:49]} 27. Rf2 {[%clk 0:27:44]} a5
{[%clk 0:08:38]} 28. Nd5 {[%clk 0:21:54]} Qxe4 {[%clk 0:08:14]} 29. Qxe4
{[%clk 0:22:15]} Rxe4 {[%clk 0:08:42]} 30. Rf5 {[%clk 0:22:24]} h6
{[%clk 0:07:33]} 31. Raf1 {[%clk 0:21:26]} Rd7 {[%clk 0:06:10]} 32. g3
{[%clk 0:20:34]} Re2 {[%clk 0:03:05]} 33. c4 {[%clk 0:19:46]} a4 {[%clk 0:02:27]}
34. h4 {[%clk 0:09:16]} Bd8 {[%clk 0:01:24]} 35. Nf4 {[%clk 0:08:36]} Re3
{[%clk 0:00:54]} 36. Rxb5 {[%clk 0:08:54]} axb3 {[%clk 0:01:14]} 37. Kg2
{[%clk 0:08:14]} Bc7 {[%clk 0:00:53]} 38. Rf3 {[%clk 0:05:19]} Rd2+
{[%clk 0:00:44]} 39. Rf2 {[%clk 0:05:43]} Rd4 {[%clk 0:00:47]} 40. Rf3
{[%clk 0:33:55]} Re1 {[%clk 0:30:35]} 41. Rbxb3 {[%clk 0:28:48]} Rxc4
{[%clk 0:26:06]} 42. Nd5 {[%clk 0:27:29]} Bd6 {[%clk 0:23:17]} 43. Nb6
{[%clk 0:24:22]} Rc2+ {[%clk 0:22:24]} 44. Rf2 {[%clk 0:23:57]} Rcc1
{[%clk 0:22:37]} 45. Nd5 {[%clk 0:16:56]} h5 {[%clk 0:21:56]} 46. Nf4
{[%clk 0:15:14]} Rg1+ {[%clk 0:19:03]} 47. Kf3 {[%clk 0:13:44]} Bc5
{[%clk 0:16:05]} 48. Ne2 {[%clk 0:10:54]} Rb1 {[%clk 0:13:22]} 49. Rxb1
{[%clk 0:10:18]} Rxb1 {[%clk 0:13:48]} 50. Rg2 {[%clk 0:09:21]} Rb3+
{[%clk 0:13:10]} 51. Ke4 {[%clk 0:09:33]} Rxa3 {[%clk 0:13:11]} 52. Nf4
{[%clk 0:09:42]} g6 {[%clk 0:13:08]} 53. Kd5 {[%clk 0:06:59]} Bb6
{[%clk 0:10:58]} 54. g4 {[%clk 0:06:04]} Ra4 {[%clk 0:10:41]} 55. Nxg6
{[%clk 0:06:21]} fxg6 {[%clk 0:11:04]} 56. gxh5 {[%clk 0:06:44]} Bd8
{[%clk 0:10:50]} 57. hxg6 {[%clk 0:06:43]} Bxh4 {[%clk 0:11:03]} 58. Ke6
{[%clk 0:06:52]} Kg7 {[%clk 0:11:22]} 59. Kf5 {[%clk 0:05:53]} Be1
{[%clk 0:11:07]} 60. Re2 {[%clk 0:05:48]} Bb4 {[%clk 0:10:16]} 61. Re5
{[%clk 0:05:35]} Ra1 {[%clk 0:10:23]} 62. Re4 {[%clk 0:05:42]} Bd6
{[%clk 0:10:03]} 63. Rg4 {[%clk 0:05:20]} Re1 {[%clk 0:09:23]} 64. Re4
{[%clk 0:05:35]} Rf1+ {[%clk 0:09:41]} 65. Kg5 {[%clk 0:05:46]} Rf6
{[%clk 0:09:25]} 66. Rd4 {[%clk 0:05:32]} Rxg6+ {[%clk 0:09:32]} 67. Kf5
{[%clk 0:05:58]} Kf7 {[%clk 0:09:40]} 68. Ra4 {[%clk 0:06:11]} Rf6+
{[%clk 0:09:52]} 69. Kg4 {[%clk 0:06:34]} Rf1 {[%clk 0:09:30]} 70. Ra6
{[%clk 0:06:47]} Ke6 {[%clk 0:09:43]} 71. Rb6 {[%clk 0:07:04]} Rf4+
{[%clk 0:10:07]} 72. Kg5 {[%clk 0:07:25]} Rf3 {[%clk 0:10:31]} 73. Rc6
{[%clk 0:06:40]} Rg3+ {[%clk 0:10:40]} 74. Kh4 {[%clk 0:07:00]} Rg6
{[%clk 0:10:52]} 75. Ra6 {[%clk 0:05:41]} Kf5 {[%clk 0:11:09]} 76. Ra5+
{[%clk 0:05:48]} Be5 {[%clk 0:11:33]} 77. Kh5 {[%clk 0:06:02]} Rb6
{[%clk 0:11:07]} 78. Rc5 {[%clk 0:06:24]} Rb7 {[%clk 0:11:13]} 79. Rc6
{[%clk 0:06:35]} Bd4 {[%clk 0:11:37]} 80. Ra6 {[%clk 0:06:36]} Be5
{[%clk 0:09:40]} 81. Rc6 {[%clk 0:06:58]} Ra7 {[%clk 0:07:49]} 82. Rb6
{[%clk 0:07:16]} Rd7 {[%clk 0:08:17]} 83. Rc6 {[%clk 0:07:25]} Bd6
{[%clk 0:08:41]} 0-1

[Event "World Chess Olympiad 2018"]
[Site "Batumi"]
[Date "2018.10.04"]
[Round "10"]
[Board "4"]
[WhiteFideId "13300865"]
[White "Hovhannisyan Mher"]
[BlackFideId "5716934"]
[Black "Mahmood Shah Mukhriez Shah"]
[Result "1-0"]
[LiveChessVersion "1.4.8"]
[BlackElo "1826"]
[WhiteElo "2483"]

1. e4 {[%clk 1:30:58]} c5 {[%clk 1:29:00]} 2. c3 {[%clk 1:31:24]} d5
{[%clk 1:28:00]} 3. exd5 {[%clk 1:31:50]} Qxd5 {[%clk 1:27:00]} 4. d4
{[%clk 1:32:17]} e6 {[%clk 1:26:00]} 5. Nf3 {[%clk 1:32:40]} Nf6 {[%clk 1:25:00]}
6. Be2 {[%clk 1:32:44]} Nc6 {[%clk 1:24:00]} 7. O-O {[%clk 1:32:27]} Be7
{[%clk 1:22:59]} 8. c4 {[%clk 1:32:13]} Qd6 {[%clk 1:22:00]} 9. dxc5
{[%clk 1:32:26]} Qxd1 {[%clk 1:21:00]} 10. Rxd1 {[%clk 1:32:52]} Bxc5
{[%clk 1:19:59]} 11. Nc3 {[%clk 1:33:18]} O-O {[%clk 1:19:00]} 12. a3
{[%clk 1:33:25]} a5 {[%clk 1:18:00]} 13. Na4 {[%clk 1:33:11]} Ba7
{[%clk 1:17:00]} 14. Be3 {[%clk 1:23:51]} Bxe3 {[%clk 0:55:00]} 15. fxe3
{[%clk 1:23:59]} e5 {[%clk 0:54:00]} 16. Nb6 {[%clk 1:22:37]} Rb8
{[%clk 0:50:00]} 17. Nd5 {[%clk 1:22:49]} Be6 {[%clk 0:49:00]} 18. Ng5
{[%clk 1:18:05]} Bxd5 {[%clk 0:45:29]} 19. cxd5 {[%clk 1:18:31]} Ne7
{[%clk 0:45:52]} 20. e4 {[%clk 0:56:44]} Rfd8 {[%clk 0:33:45]} 21. Bd3
{[%clk 0:51:28]} Nc8 {[%clk 0:32:46]} 22. Nf3 {[%clk 0:51:31]} Nd7
{[%clk 0:32:50]} 23. Bb5 {[%clk 0:50:10]} Nd6 {[%clk 0:32:34]} 24. Bxd7
{[%clk 0:48:35]} Rxd7 {[%clk 0:33:02]} 25. Rac1 {[%clk 0:46:51]} f6
{[%clk 0:30:43]} 26. Nd2 {[%clk 0:47:12]} Kf7 {[%clk 0:29:01]} 27. Rc5
{[%clk 0:46:33]} b6 {[%clk 0:28:13]} 28. Rc6 {[%clk 0:46:54]} Ke7
{[%clk 0:28:18]} 29. Rdc1 {[%clk 0:46:57]} g6 {[%clk 0:27:31]} 30. g4
{[%clk 0:46:18]} b5 {[%clk 0:25:52]} 31. b3 {[%clk 0:46:00]} Ra8 {[%clk 0:25:20]}
32. Kf2 {[%clk 0:45:40]} a4 {[%clk 0:25:18]} 33. b4 {[%clk 0:45:51]} Rb8
{[%clk 0:22:58]} 34. Ke3 {[%clk 0:44:41]} Rbb7 {[%clk 0:21:07]} 35. Kd3
{[%clk 0:44:36]} Rb8 {[%clk 0:18:53]} 36. Nf3 {[%clk 0:42:53]} Nc4
{[%clk 0:17:53]} 37. g5 {[%clk 0:41:14]} Nd6 {[%clk 0:13:35]} 38. gxf6+
{[%clk 0:40:22]} Kxf6 {[%clk 0:13:18]} 39. Rf1 {[%clk 0:39:45]} Re8
{[%clk 0:12:10]} 40. h4 {[%clk 1:06:19]} h6 {[%clk 0:39:17]} 41. Ng5+
{[%clk 1:03:59]} Ke7 {[%clk 0:38:30]} 42. Ne6 {[%clk 1:03:52]} Rc8
{[%clk 0:37:19]} 43. Rxc8 {[%clk 0:57:35]} Nxc8 {[%clk 0:37:29]} 44. Rf8
{[%clk 0:57:23]} Nd6 {[%clk 0:36:49]} 45. Rh8 {[%clk 0:57:13]} h5
{[%clk 0:28:21]} 46. Nf8 {[%clk 0:51:39]} Nf7 {[%clk 0:28:22]} 47. Nxd7
{[%clk 0:51:43]} Nxh8 {[%clk 0:28:21]} 48. Nxe5 {[%clk 0:52:09]} Kf6
{[%clk 0:27:42]} 49. Nf3 {[%clk 0:50:58]} Nf7 {[%clk 0:28:04]} 50. Kd4
{[%clk 0:51:18]} Ke7 {[%clk 0:26:17]} 51. e5 {[%clk 0:51:18]} Nh6
{[%clk 0:26:23]} 52. d6+ {[%clk 0:51:04]} Kd7 {[%clk 0:26:46]} 53. Kd5
{[%clk 0:51:23]} Nf5 {[%clk 0:27:00]} 54. e6+ {[%clk 0:51:43]} Kd8
{[%clk 0:27:22]} 55. Ne5 {[%clk 0:51:16]} g5 {[%clk 0:27:22]} 56. Nc6+
{[%clk 0:51:17]} 1-0

[Event "World Chess Olympiad 2018"]
[Site "Batumi"]
[Date "2018.10.04"]
[Round "10"]
[Board "1"]
[WhiteFideId "9300244"]
[White "Omar Noaman"]
[BlackFideId "7603991"]
[Black "Gnaam Koteba."]
[Result "1-0"]
[LiveChessVersion "1.4.8"]
[BlackElo "2061"]
[WhiteElo "2356"]

1. d4 {[%clk 1:30:56]} d5 {[%clk 1:30:48]} 2. c4 {[%clk 1:31:17]} c6
{[%clk 1:31:10]} 3. cxd5 {[%clk 1:31:38]} cxd5 {[%clk 1:31:26]} 4. Bg5
{[%clk 1:31:35]} Nc6 {[%clk 1:29:44]} 5. Nc3 {[%clk 1:31:38]} Nf6
{[%clk 1:28:54]} 6. Bxf6 {[%clk 1:31:58]} exf6 {[%clk 1:28:34]} 7. e3
{[%clk 1:32:26]} Be6 {[%clk 1:25:19]} 8. Nge2 {[%clk 1:28:37]} Bd6
{[%clk 1:24:27]} 9. g3 {[%clk 1:28:50]} Rc8 {[%clk 1:21:10]} 10. Bg2
{[%clk 1:29:06]} O-O {[%clk 1:09:17]} 11. Bxd5 {[%clk 1:21:11]} Bh3
{[%clk 1:02:14]} 12. Nf4 {[%clk 1:13:36]} Bxf4 {[%clk 1:00:13]} 13. gxf4
{[%clk 1:14:02]} Re8 {[%clk 0:54:49]} 14. Qh5 {[%clk 1:03:45]} Qd7
{[%clk 0:46:07]} 15. Bxf7+ {[%clk 1:00:11]} Qxf7 {[%clk 0:44:52]} 16. Qxh3
{[%clk 1:00:23]} Nxd4 {[%clk 0:43:06]} 17. O-O {[%clk 1:00:29]} Nc2
{[%clk 0:35:47]} 18. Rad1 {[%clk 1:00:29]} f5 {[%clk 0:18:37]} 19. Rd2
{[%clk 0:55:04]} Nb4 {[%clk 0:15:47]} 20. Rfd1 {[%clk 0:55:25]} Nc6
{[%clk 0:10:09]} 21. Rd5 {[%clk 0:53:00]} g6 {[%clk 0:05:56]} 22. Qf1
{[%clk 0:36:14]} Rcd8 {[%clk 0:03:51]} 23. Qb5 {[%clk 0:35:38]} Rxd5
{[%clk 0:03:02]} 24. Rxd5 {[%clk 0:35:41]} Rd8 {[%clk 0:01:45]} 25. Rxd8+
{[%clk 0:35:53]} Nxd8 {[%clk 0:02:02]} 26. Nd5 {[%clk 0:33:38]} Nc6
{[%clk 0:00:48]} 27. Qc5 {[%clk 0:34:03]} h6 {[%clk 0:00:36]} 28. b4
{[%clk 0:34:25]} Qg7 {[%clk 0:00:33]} 29. b5 {[%clk 0:34:04]} Na5
{[%clk 0:00:33]} 30. Qc8+ {[%clk 0:32:51]} Kh7 {[%clk 0:00:42]} 31. Qd8
{[%clk 0:25:04]} Qf7 {[%clk 0:00:34]} 32. Nf6+ {[%clk 0:25:25]} Kg7
{[%clk 0:00:49]} 33. Ne8+ {[%clk 0:25:30]} Kh7 {[%clk 0:00:43]} 34. Qxa5
{[%clk 0:17:22]} Qxe8 {[%clk 0:01:02]} 35. Qc7+ {[%clk 0:17:49]} Kg8
{[%clk 0:00:42]} 36. Qxb7 {[%clk 0:17:58]} Qd8 {[%clk 0:00:48]} 37. Kg2
{[%clk 0:17:54]} Qd1 {[%clk 0:00:58]} 38. Qb8+ {[%clk 0:17:39]} Kf7
{[%clk 0:00:43]} 39. Qxa7+ {[%clk 0:18:00]} Kf8 {[%clk 0:00:52]} 40. Qb8+
{[%clk 0:47:50]} Kf7 {[%clk 0:30:58]} 41. Qb7+ {[%clk 0:47:58]} Kf6
{[%clk 0:31:08]} 42. Qf3 {[%clk 0:46:19]} Qb1 {[%clk 0:31:04]} 43. Qc6+
{[%clk 0:46:22]} Kf7 {[%clk 0:31:28]} 44. b6 {[%clk 0:44:04]} Qd1
{[%clk 0:30:23]} 45. Qc4+ {[%clk 0:42:57]} Ke7 {[%clk 0:30:29]} 46. h3
{[%clk 0:40:56]} 1-0

[Event "World Chess Olympiad 2018"]
[Site "Batumi"]
[Date "2018.10.04"]
[Round "10"]
[Board "2"]
[WhiteFideId "7601948"]
[White "Chekh Adm Khedr Aram"]
[BlackFideId "9300465"]
[Black "AlHuwar Jasem"]
[Result "1/2-1/2"]
[LiveChessVersion "1.4.8"]
[BlackElo "2245"]
[WhiteElo "2171"]

1. e4 {[%clk 1:30:53]} c6 {[%clk 1:30:06]} 2. d4 {[%clk 1:31:19]} d5
{[%clk 1:30:32]} 3. Nd2 {[%clk 1:31:43]} dxe4 {[%clk 1:29:21]} 4. Nxe4
{[%clk 1:32:12]} Bf5 {[%clk 1:29:43]} 5. Ng3 {[%clk 1:32:37]} Bg6
{[%clk 1:30:09]} 6. Nh3 {[%clk 1:33:00]} Nf6 {[%clk 1:30:13]} 7. Nf4
{[%clk 1:32:54]} e5 {[%clk 1:30:36]} 8. Nxg6 {[%clk 1:28:09]} hxg6
{[%clk 1:30:50]} 9. Be3 {[%clk 1:25:05]} exd4 {[%clk 1:29:21]} 10. Qxd4
{[%clk 1:20:14]} Qxd4 {[%clk 1:27:54]} 11. Bxd4 {[%clk 1:20:43]} Nbd7
{[%clk 1:28:16]} 12. O-O-O {[%clk 1:20:35]} Bc5 {[%clk 1:27:04]} 13. Bxc5
{[%clk 1:14:49]} Nxc5 {[%clk 1:27:24]} 14. Be2 {[%clk 1:14:11]} Rh4
{[%clk 1:22:31]} 15. h3 {[%clk 1:07:40]} Kf8 {[%clk 1:19:19]} 16. Rhe1
{[%clk 1:05:28]} Re8 {[%clk 1:15:08]} 17. Bf3 {[%clk 1:03:12]} Rxe1
{[%clk 1:13:39]} 18. Rxe1 {[%clk 1:03:38]} Rd4 {[%clk 1:14:04]} 19. Rd1
{[%clk 1:02:44]} Rxd1+ {[%clk 1:13:58]} 20. Kxd1 {[%clk 1:03:12]} Ke7
{[%clk 1:12:52]} 21. Kd2 {[%clk 1:02:03]} Kd6 {[%clk 1:09:40]} 22. Ne2
{[%clk 0:51:16]} Ke5 {[%clk 1:07:25]} 23. Ke3 {[%clk 0:51:19]} Nd5+
{[%clk 0:42:28]} 24. Bxd5 {[%clk 0:51:38]} Kxd5 {[%clk 0:42:52]} 25. Nc3+
{[%clk 0:49:40]} Ke6 {[%clk 0:41:00]} 26. Ne4 {[%clk 0:49:59]} Nd7
{[%clk 0:38:16]} 27. Ng5+ {[%clk 0:48:30]} Ke7 {[%clk 0:38:15]} 28. Kd4
{[%clk 0:38:31]} Nf6 {[%clk 0:32:57]} 29. c4 {[%clk 0:38:30]} Ne8
{[%clk 0:32:06]} 30. Ne4 {[%clk 0:35:34]} Nc7 {[%clk 0:31:24]} 31. Nc5
{[%clk 0:30:05]} b6 {[%clk 0:31:16]} 1/2-1/2

[Event "World Chess Olympiad 2018"]
[Site "Batumi"]
[Date "2018.10.04"]
[Round "10"]
[Board "3"]
[WhiteFideId "9308733"]
[White "Al Hosani Omran"]
[BlackFideId "7603495"]
[Black "Koniahli Malek."]
[Result "1-0"]
[LiveChessVersion "1.4.8"]
[BlackElo "2328"]
[WhiteElo "2115"]

1. d4 {[%clk 1:30:59]} Nf6 {[%clk 1:30:52]} 2. Bg5 {[%clk 1:30:53]} e6
{[%clk 1:30:02]} 3. e4 {[%clk 1:31:05]} h6 {[%clk 1:30:27]} 4. Bxf6
{[%clk 1:31:23]} Qxf6 {[%clk 1:30:56]} 5. c3 {[%clk 1:31:18]} d6 {[%clk 1:30:01]}
6. Bd3 {[%clk 1:31:17]} e5 {[%clk 1:25:00]} 7. Ne2 {[%clk 1:31:12]} Nd7
{[%clk 1:13:51]} 8. O-O {[%clk 1:31:12]} g6 {[%clk 1:13:31]} 9. f4
{[%clk 1:31:24]} Qe7 {[%clk 1:13:47]} 10. fxe5 {[%clk 1:26:34]} dxe5
{[%clk 1:13:50]} 11. Bc4 {[%clk 1:26:46]} f6 {[%clk 1:08:47]} 12. a4
{[%clk 1:22:21]} a5 {[%clk 1:06:34]} 13. Nd2 {[%clk 1:20:25]} Nb6
{[%clk 1:00:12]} 14. Bb3 {[%clk 1:20:41]} Be6 {[%clk 0:47:00]} 15. Nf3
{[%clk 1:07:28]} O-O-O {[%clk 0:43:53]} 16. Bxe6+ {[%clk 1:06:13]} Qxe6
{[%clk 0:44:16]} 17. d5 {[%clk 1:05:54]} Qe7 {[%clk 0:38:35]} 18. b4
{[%clk 0:56:27]} c6 {[%clk 0:23:28]} 19. bxa5 {[%clk 0:53:25]} Qc5+
{[%clk 0:22:40]} 20. Kh1 {[%clk 0:52:49]} Nc4 {[%clk 0:22:30]} 21. Qb1
{[%clk 0:50:19]} cxd5 {[%clk 0:20:27]} 22. a6 {[%clk 0:50:30]} bxa6
{[%clk 0:19:11]} 23. exd5 {[%clk 0:48:02]} f5 {[%clk 0:19:03]} 24. Qb3
{[%clk 0:46:54]} Bd6 {[%clk 0:19:14]} 25. Rfb1 {[%clk 0:42:39]} Rd7
{[%clk 0:19:23]} 26. a5 {[%clk 0:36:58]} Kd8 {[%clk 0:14:33]} 27. Ra4
{[%clk 0:35:33]} Ne3 {[%clk 0:08:22]} 28. Qb6+ {[%clk 0:25:35]} Qxb6
{[%clk 0:08:48]} 29. axb6 {[%clk 0:25:45]} Nxd5 {[%clk 0:07:39]} 30. c4
{[%clk 0:25:33]} Ne7 {[%clk 0:07:47]} 31. Rxa6 {[%clk 0:19:38]} Nc6
{[%clk 0:06:50]} 32. Ra8+ {[%clk 0:19:45]} Nb8 {[%clk 0:05:00]} 33. c5
{[%clk 0:20:08]} Re8 {[%clk 0:01:38]} 34. c6 {[%clk 0:18:16]} Rde7
{[%clk 0:01:33]} 35. Rd1 {[%clk 0:17:53]} 1-0

[Event "World Chess Olympiad 2018"]
[Site "Batumi"]
[Date "2018.10.04"]
[Round "10"]
[Board "4"]
[WhiteFideId "7601875"]
[White "Eiti Bashir"]
[BlackFideId "9312331"]
[Black "Ammar Sedrani"]
[Result "0-1"]
[LiveChessVersion "1.4.8"]
[BlackElo "2099"]
[WhiteElo "2259"]

1. Nf3 {[%clk 1:30:45]} d5 {[%clk 1:30:24]} 2. e3 {[%clk 1:29:46]} Nf6
{[%clk 1:30:09]} 3. c4 {[%clk 1:29:58]} c6 {[%clk 1:30:32]} 4. b3
{[%clk 1:28:55]} Bf5 {[%clk 1:25:33]} 5. Bb2 {[%clk 1:28:13]} e6 {[%clk 1:25:39]}
6. Be2 {[%clk 1:27:18]} Nbd7 {[%clk 1:25:33]} 7. Nh4 {[%clk 1:23:38]} Bg6
{[%clk 1:20:48]} 8. Nxg6 {[%clk 1:22:00]} hxg6 {[%clk 1:21:15]} 9. d3
{[%clk 1:18:28]} Bd6 {[%clk 1:19:21]} 10. Nd2 {[%clk 1:15:39]} Qe7
{[%clk 1:16:06]} 11. Qc2 {[%clk 1:07:40]} e5 {[%clk 1:13:07]} 12. cxd5
{[%clk 0:49:04]} cxd5 {[%clk 1:11:15]} 13. Rc1 {[%clk 0:47:21]} O-O
{[%clk 1:08:33]} 14. O-O {[%clk 0:45:28]} Nb6 {[%clk 1:04:57]} 15. Rfd1
{[%clk 0:35:33]} Nfd7 {[%clk 1:03:56]} 16. e4 {[%clk 0:28:01]} d4
{[%clk 1:00:53]} 17. Nc4 {[%clk 0:23:34]} Rac8 {[%clk 0:56:53]} 18. Qb1
{[%clk 0:22:18]} Nxc4 {[%clk 0:56:11]} 19. Rxc4 {[%clk 0:22:24]} Rxc4
{[%clk 0:56:30]} 20. dxc4 {[%clk 0:20:38]} a5 {[%clk 0:51:36]} 21. Bg4
{[%clk 0:17:54]} Nc5 {[%clk 0:47:51]} 22. Bc1 {[%clk 0:15:17]} f5
{[%clk 0:43:38]} 23. Bf3 {[%clk 0:11:45]} Qh4 {[%clk 0:34:41]} 24. exf5
{[%clk 0:07:41]} gxf5 {[%clk 0:34:25]} 25. Bd5+ {[%clk 0:07:57]} Kh8
{[%clk 0:33:47]} 26. Qc2 {[%clk 0:03:25]} b6 {[%clk 0:26:49]} 27. Qe2
{[%clk 0:03:35]} d3 {[%clk 0:24:24]} 28. Qf1 {[%clk 0:01:40]} e4 {[%clk 0:21:45]}
29. g3 {[%clk 0:02:07]} Qh5 {[%clk 0:21:49]} 30. f4 {[%clk 0:01:36]} Rf6
{[%clk 0:20:02]} 31. Be3 {[%clk 0:01:23]} Nd7 {[%clk 0:18:56]} 32. Rd2
{[%clk 0:01:08]} Rh6 {[%clk 0:14:48]} 33. Rg2 {[%clk 0:00:43]} Nf6
{[%clk 0:13:58]} 34. Kh1 {[%clk 0:00:37]} Ng4 {[%clk 0:13:19]} 35. Qg1
{[%clk 0:00:34]} Nxe3 {[%clk 0:12:03]} 36. Qxe3 {[%clk 0:01:00]} Bc5
{[%clk 0:12:26]} 37. Qd2 {[%clk 0:00:31]} Qf3 {[%clk 0:12:45]} 38. h4
{[%clk 0:00:40]} Rxh4+ {[%clk 0:12:42]} 39. gxh4 {[%clk 0:00:57]} Qh3+
{[%clk 0:13:11]} 0-1

[Event "World Chess Olympiad 2018"]
[Site "Batumi"]
[Date "2018.10.04"]
[Round "10"]
[Board "1"]
[WhiteFideId "14800098"]
[White "Paiva Donaldo"]
[BlackFideId "6400361"]
[Black "Munoz Santana Jose Lisandro"]
[Result "0-1"]
[LiveChessVersion "1.4.8"]
[BlackElo "2434"]
[WhiteElo "2206"]

1. Nf3 {[%clk 1:30:58]} c5 {[%clk 1:30:22]} 2. g3 {[%clk 1:31:19]} b6
{[%clk 1:30:45]} 3. Bg2 {[%clk 1:31:44]} Bb7 {[%clk 1:31:11]} 4. c4
{[%clk 1:32:08]} g6 {[%clk 1:30:32]} 5. O-O {[%clk 1:32:28]} Bg7 {[%clk 1:30:57]}
6. Nc3 {[%clk 1:32:48]} Nf6 {[%clk 1:31:15]} 7. d4 {[%clk 1:32:16]} cxd4
{[%clk 1:31:38]} 8. Nxd4 {[%clk 1:32:44]} Bxg2 {[%clk 1:31:57]} 9. Kxg2
{[%clk 1:33:08]} O-O {[%clk 1:28:52]} 10. e4 {[%clk 1:33:27]} d6 {[%clk 1:27:33]}
11. Be3 {[%clk 1:33:19]} Nbd7 {[%clk 1:24:04]} 12. b3 {[%clk 1:26:30]} Rc8
{[%clk 1:22:01]} 13. Rc1 {[%clk 1:25:37]} Re8 {[%clk 1:20:59]} 14. f3
{[%clk 1:24:55]} Qc7 {[%clk 1:17:45]} 15. Qd2 {[%clk 1:24:42]} Qb7
{[%clk 1:18:04]} 16. Rfd1 {[%clk 1:24:20]} a6 {[%clk 1:16:34]} 17. g4
{[%clk 1:22:44]} Ne5 {[%clk 1:07:55]} 18. a4 {[%clk 1:06:42]} Nfd7
{[%clk 0:53:15]} 19. Bh6 {[%clk 1:02:03]} Bh8 {[%clk 0:49:43]} 20. h4
{[%clk 0:57:05]} Nc5 {[%clk 0:49:44]} 21. Qc2 {[%clk 0:57:28]} Ne6
{[%clk 0:34:40]} 22. Nxe6 {[%clk 0:55:24]} fxe6 {[%clk 0:35:09]} 23. Qd2
{[%clk 0:54:28]} Bg7 {[%clk 0:27:02]} 24. Bxg7 {[%clk 0:33:03]} Kxg7
{[%clk 0:27:26]} 25. Kg3 {[%clk 0:33:25]} Rf8 {[%clk 0:14:01]} 26. f4
{[%clk 0:33:46]} Nd7 {[%clk 0:13:17]} 27. e5 {[%clk 0:23:31]} Nxe5
{[%clk 0:12:40]} 28. fxe5 {[%clk 0:23:37]} Qf3+ {[%clk 0:09:29]} 29. Kh2 Qxg4 30.
Rf1 {[%clk 0:22:53]} Qxh4+ {[%clk 0:09:46]} 31. Kg2 {[%clk 0:23:17]} Qg4+
{[%clk 0:08:33]} 32. Kh2 Rc5 {[%clk 0:07:17]} 33. Rxf8 {[%clk 0:21:56]} Rxe5
{[%clk 0:04:48]} 0-1

[Event "World Chess Olympiad 2018"]
[Site "Batumi"]
[Date "2018.10.04"]
[Round "10"]
[Board "2"]
[WhiteFideId "6405525"]
[White "Abreu Jean Carlos Paul"]
[BlackFideId "14800063"]
[Black "Abrantes Persson"]
[Result "1-0"]
[LiveChessVersion "1.4.8"]
[BlackElo "2055"]
[WhiteElo "2310"]

1. d4 {[%clk 1:30:57]} Nf6 {[%clk 1:28:17]} 2. Nf3 {[%clk 1:30:50]} g6
{[%clk 1:28:05]} 3. Bg5 {[%clk 1:31:13]} Bg7 {[%clk 1:28:25]} 4. c3
{[%clk 1:31:33]} d6 {[%clk 1:27:15]} 5. Nbd2 {[%clk 1:31:55]} Bf5
{[%clk 1:26:33]} 6. h3 {[%clk 1:23:18]} h6 {[%clk 1:25:25]} 7. Bxf6
{[%clk 1:22:02]} exf6 {[%clk 1:24:24]} 8. e4 {[%clk 1:22:07]} Be6
{[%clk 1:24:26]} 9. Bd3 {[%clk 1:20:47]} c6 {[%clk 1:24:05]} 10. O-O
{[%clk 1:20:16]} g5 {[%clk 1:19:35]} 11. d5 {[%clk 1:17:48]} cxd5
{[%clk 1:13:44]} 12. exd5 {[%clk 1:16:24]} Bxd5 {[%clk 1:09:32]} 13. Re1+
{[%clk 1:16:08]} Kf8 {[%clk 1:09:35]} 14. Bc4 {[%clk 1:03:38]} Bc6
{[%clk 1:08:18]} 15. Nd4 {[%clk 1:01:12]} d5 {[%clk 1:07:44]} 16. Bb3
{[%clk 0:55:24]} Nd7 {[%clk 1:06:43]} 17. Qh5 {[%clk 0:52:04]} Ne5
{[%clk 1:05:38]} 18. Re3 {[%clk 0:52:10]} Qd7 {[%clk 0:51:23]} 19. Bc2
{[%clk 0:51:27]} Re8 {[%clk 0:49:07]} 20. Rae1 {[%clk 0:51:40]} Qc8
{[%clk 0:46:53]} 21. Nf5 {[%clk 0:45:51]} Qc7 {[%clk 0:43:54]} 22. Bb1
{[%clk 0:44:28]} Bd7 {[%clk 0:34:26]} 23. Nb3 {[%clk 0:42:43]} Kg8
{[%clk 0:18:34]} 24. Nbd4 {[%clk 0:42:22]} Bf8 {[%clk 0:18:34]} 25. g3
{[%clk 0:32:55]} Qc8 {[%clk 0:15:54]} 26. b4 {[%clk 0:31:05]} Ng6
{[%clk 0:14:39]} 27. Qf3 {[%clk 0:21:24]} Rxe3 {[%clk 0:09:10]} 28. Rxe3
{[%clk 0:21:45]} Qc4 {[%clk 0:07:39]} 29. Qd1 {[%clk 0:18:18]} h5
{[%clk 0:07:10]} 30. Bc2 {[%clk 0:18:24]} h4 {[%clk 0:06:43]} 31. Bb3
{[%clk 0:07:27]} Qc8 {[%clk 0:07:06]} 32. Qf3 {[%clk 0:07:42]} Ne5
{[%clk 0:01:37]} 33. Qxd5 {[%clk 0:06:44]} Bxf5 {[%clk 0:01:44]} 34. Rxe5
{[%clk 0:05:03]} Bg6 {[%clk 0:02:04]} 35. Rf5 {[%clk 0:04:07]} Bg7
{[%clk 0:00:59]} 36. Rf3 {[%clk 0:03:26]} Qxh3 {[%clk 0:01:11]} 37. Nf5
{[%clk 0:02:27]} hxg3 {[%clk 0:00:55]} 38. Ne7+ {[%clk 0:02:48]} Kh7
{[%clk 0:01:07]} 39. Rxg3 {[%clk 0:03:09]} Qh4 {[%clk 0:00:34]} 40. Nf5
{[%clk 0:30:54]} Qh5 {[%clk 0:30:32]} 41. Bd1 {[%clk 0:28:35]} g4
{[%clk 0:23:17]} 42. Bxg4 {[%clk 0:28:21]} Qg5 {[%clk 0:22:05]} 43. Rh3+
{[%clk 0:28:36]} Bh6 {[%clk 0:19:12]} 44. Rxh6+ {[%clk 0:28:52]} Qxh6
{[%clk 0:19:27]} 45. Nxh6 {[%clk 0:29:13]} Kxh6 {[%clk 0:19:34]} 46. Qxb7
{[%clk 0:28:40]} Re8 {[%clk 0:19:59]} 47. Bf3 {[%clk 0:28:32]} Re1+
{[%clk 0:20:17]} 48. Kg2 {[%clk 0:28:54]} Kg7 {[%clk 0:19:18]} 49. Qxa7
{[%clk 0:29:13]} Bd3 {[%clk 0:19:45]} 50. Qd4 {[%clk 0:29:10]} Bf1+
{[%clk 0:20:05]} 51. Kh2 {[%clk 0:29:32]} Ra1 {[%clk 0:20:16]} 52. Qg4+
{[%clk 0:29:04]} Kf8 {[%clk 0:20:08]} 53. Be2 {[%clk 0:29:22]} f5
{[%clk 0:18:36]} 54. Qf3 1-0